00538nam a2200169 a 4500008004100000020001500041050001600056100002000072245011600092250001200208260003300220300002000253350000900273650002500282650004000307700002100347120416s1987 ||||||||||||||||| || u a0070727910 aHF 5635 Fin aZeff, Stephen A10aFinancial accounting theory: issues and controversies. -- 3rd ed.cedited by Stephen A. Zeff; Thomas F. Keller, a3rd ed. aNew York:bMcGraw-Hillc1987 axi, 660p. : ill a0.00 aFINANCIAL ACCOUNTING 0aACCOUNTING--HANDBOOKS, MANUALS, ETC aKeller, Thomas F